| 000 | 00330nam a22001457a 4500 | ||
|---|---|---|---|
| 082 |
_a532 _bAKH |
||
| 100 |
_aAkhtar, S.M _940064 |
||
| 245 |
_aHydraulics _cAkhtar, S.M |
||
| 250 | _a1st | ||
| 260 | _aLahore | ||
| 300 |
_a524, p. : _c35cm |
||
| 526 |
_a0 _b0 _c0 _d532_000000000000000_AKH |
||
| 650 |
_aMCE _9379 |
||
| 942 |
_2ddc _cBK |
||
| 999 |
_c544437 _d544437 |
||